| 000 | 00711nam a22002297a 4500 | ||
|---|---|---|---|
| 999 |
_c8172 _d8172 |
||
| 001 | 21696 | ||
| 003 | BD-DhUAP | ||
| 005 | 20220804113324.0 | ||
| 008 | 220704b20112021Bg a|||| |||| 000 0aeng d | ||
| 020 | _a9844642948 | ||
| 040 |
_aBD-DhUAP _bEng _cBD-DhUAP _dBD-DhUAP _eBD-DhUAP |
||
| 082 |
_222 _a327 HOS |
||
| 100 | _aHossain, Dr ,M ,Rabiul . | ||
| 245 |
_aFundamentals of international organisation / _cDr.M. Rabiul Hossain. |
||
| 250 | _aFourth Reprint 2021 | ||
| 260 |
_aDhaka: _bShams Publications, _c2021. |
||
| 300 |
_a(52 p) 612 p. ; _c22 cm. |
||
| 504 | _aInclude Abbreviations. | ||
| 650 |
_aInternational organization. _zBangladesh. |
||
| 650 |
_aAdvance Technology. _zBangladesh. |
||
| 942 |
_2ddc _cBK |
||